000 00996nam a22002537a 4500
999 _c11917
_d11917
003 AR-CdUCM
008 190405b ||||| |||| 00| 0 spa d
040 _aMUNICIPALIDAD PROVINCIAL DEL CUSCO
_cBIBLIOTECA MUNICIPAL DEL CUSCO
082 _a180 /
_bJ12 / 1868
100 _aJacques, Amédée
_929531
245 _aManual de filosofía /
260 _aParís :
_bLibr. de L. Hachette y cia,
_c1868.
300 _a604 páginas ;
_c22 cm.
440 _aDivisiones del manual de filosofía ;
_929532
505 _aContenido: Objeto propio de la psicología -- División de las facultades intelectuales -- Carácter generales de la sensibilidad -- Carácter propios y atributos de la voluntad -- Objeto y división de la lógica ...
650 _aPsicología
_91538
650 _aLógica
_92358
650 _aHistoria de la filosofía
_97367
650 _aMoral
_94056
700 _aSimon, Jules
_929533
700 _aSaisset, Émile
_929534
942 _2ddc
_cLIBROS
945 _aacv
_d05/04/2019